01318nam a22003251 4500001001100000003000900011005001700020007000300037008002800040020001500068035000600083040003000089082002800119100003800147245024300185250000600428264004500434300004800479534004800527590002600575650005000601650002800651650003300679700006100712700002700773910004100800942001200841952012200853999001700975 001008756DO-SdBPM20260210093950.0ta920725s1997 sp spa  a9580440840 a  aDO-SdBPMbspacBPMSUerda 4a658.001bB639a 19972221 aBlanchard, Kenneth eautor 4aut.10aAdministración por valores : bcómo lograr el éxito de la organización y personal mediante el compromiso con una misión y unos valores compartidos / cKen Blanchard, Michael O'Connor ; traducción Jorge Cárdenas Nannetti. h  a  aMéxico :bGrupo editorial norma,c1997 a150 páginas : bilustraciones ; c24 cm. pTítulo original. : tManaging by values.  aInventariado, 2026/VM 7aAdministración de empresasvTeorías. 2  7aCambio organizacional.  7aPerfecionamiento ocupacional1 aCárdenas Nannetti, Jorge, d1906-2008. e traductor 1 aO'Connor, Michael. e  aVMateo V. Control de calidad. BPMSU  2ddccBK 00102ddc708CGaBPMETbBPMETd2026-02-10l0oBPMSU CG 658.001 B639a 1997pBPMSU26020055r2026-02-10w2026-02-10yBK c15676d15676